| 000 | 00714nam a22002057a 4500 | ||
|---|---|---|---|
| 999 |
_c16048 _d16048 |
||
| 003 | AR-CdUCM | ||
| 008 | 190430b ||||| |||| 00| 0 spa d | ||
| 040 |
_aMUNICIPALIDAD PROVINCIAL DEL CUSCO _cBIBLIOTECA MUNICIPAL DEL CUSCO |
||
| 082 |
_a370.81 / _bH41 / 1946 |
||
| 100 |
_aHerbart _935328 |
||
| 245 | _aAntología / | ||
| 260 |
_aBuenos Aires : _bLosada, _c1946. |
||
| 300 |
_a109 páginas ; _c19 cm. |
||
| 440 |
_aTextos Pedagógicos. _930516 |
||
| 505 | _aContenido: Ciencia y arte -- Fundamentación científica de la pedagogía -- De la educación -- La instrucción -- La disciplina ... | ||
| 650 |
_aEducación _9460 |
||
| 650 |
_aFilosofía _9395 |
||
| 942 |
_2ddc _cLIBROS |
||
| 945 |
_aachl _d2019-04-30 |
||